CO-MAT-TECH '99 7. medzinárodná vedecká konferencia, Trnava, 19.-20. október 1999 [2]

Bibliographic Details
Corporate Author: CO-MAT-TECH Trnava, Slovensko (Author)
Format: Conference Proceeding Book
Language:Slovak
PhysicalDescription:791 s. grafy, sch., tab. 21 cm
Published: V Bratislave Slovenská technická univerzita 1999
ISBN:8022712728
Subjects:

MARC

LEADER 00000cam a2200000 a 4500
001 vtls001382038
003 SK-MaSNL
005 20260301161411.0
008 251117s1999 xo a fr 10000 slo
015 |a SNBA2000/04-01231 
020 |a 8022712728 
035 |a SNK000336074 
035 |a urn:nbn:sk:snk-amjsjp 
035 |a urn:nbn:sk:snk:ar-a0b509 
035 |a 095287d7-3c4e-4d66-800c-99ebaa3b0972 
040 |a SNK  |b slo  |c SNK  |e AACR2 
041 0 |a slo 
044 |a xo  |c SK 
080 |a 658(082)=00  |2 1981 
080 |a 65.01(082)=00  |2 1981 
080 |a 50/53(082)=00  |2 1981 
080 |a 796(082)=00  |2 1981 
080 |a 37.015.3(082)=00  |2 1981 
080 |a 007(082)=00  |2 1981 
111 2 |a CO-MAT-TECH  |n (7. :  |d 1999 :  |c Trnava, Slovensko)  |4 aut  |9 65305 
245 0 0 |a CO-MAT-TECH '99  |b 7. medzinárodná vedecká konferencia, Trnava, 19.-20. október 1999  |n [2] 
260 |a V Bratislave  |b Slovenská technická univerzita  |c 1999 
300 |a 791 s.  |b grafy, sch., tab.  |c 21 cm 
500 |a Čiast. text nem., čes., angl., rus. 
504 |a Bibliogr. odkazy. Res. angl. 
650 0 7 |a podniky  |x manažment  |x zborníky  |2 SNK  |9 524358 
650 0 7 |a manažment  |x podniky  |x zborníky  |2 SNK  |9 524359 
650 0 7 |a vedy prírodné  |x technika  |x zborníky  |2 SNK  |9 524360 
650 0 7 |a vedy humanitné  |x technika  |x zborníky  |2 SNK  |9 524361 
655 7 |a zborníky konferencií  |2 SNKPH  |9 70153 
655 7 |a issue_zb  |2 SNK  |9 276493 
752 |d Bratislava 
852 |a Slovenská národná knižnica 
919 |a 80-227-1272-8 
954 |a odborná, vedecká literatúra pôvodná (slovenská)  |2 lita 
954 |a odborná, vedecká literatúra cudzojazyčná (svetová)  |2 lita 
958 |a OND 
958 |a ART 
958 |a TL 
958 |a NB 
999 |c 809307  |d 811237 
952 |t P60, <03>, [BOOK], {603}  |a SNK  |b SNK  |y PREZ  |7 0  |p 17A0226619  |o snkSC 100769/2  |i snkKSP 1461/2000  |0 0  |1 0  |4 0  |d 2000-02-02  |l 0  |r 2025-09-19 00:00:00  |w 2026-02-24 
952 |t P60, <04>, [BOOK], {604}  |a SNK  |b SNK  |y VYP  |7 0  |p 17A0226621  |o snkSC 100769/2 D1  |i snkKSP 1462/2000  |0 0  |1 0  |4 0  |d 2000-02-02  |l 0  |r 2005-01-02 00:00:00  |w 2026-02-24